Biblioteca y Centro de Documentación

Dictamen 7/2011, sobre el Anteproyecto de Ley de contrato de seguro (Registro nro. 44099)

Detalles MARC
000 -CABECERA
Longitud fija campo de control 01835nam a2200325 c 4500
001 - NÚMERO DE CONTROL
Número de control 44099
003 - IDENTIFICADOR DE NÚMERO DE CONTROL
Identificador del número de control ES-MaCES
005 - FECHA Y HORA DE LA ÚLTIMA TRANSACCIÓN
Fecha y hora de la última transacción 20210721182335.0
007 - PHYSICAL DESCRIPTION FIXED FIELD--GENERAL INFORMAT
Campo fijo de descripción física cr |||||||||||
008 - CAMPO FIJO DE DESCRIPCIÓN FIJA--INFORMACIÓN GENERAL
Códigos de información de longitud fija   110622s2011 sp |||||||||||00||0 spa|d
035 ## - NÚMERO DE CONTROL DEL SISTEMA
Número de control del sistema 0008600000265
040 ## - FUENTE DE CATALOGACIÓN
Centro catalogador de origen ES-MaCES
Lengua de catalogación spa
Centro transcriptor ES-MaCES
245 00 - MENCIÓN DE TÍTULO
Título Dictamen 7/2011, sobre el Anteproyecto de Ley de contrato de seguro
300 ## - DESCRIPCIÓN FÍSICA
Extensión 15 p. (105 kb)
500 ## - NOTA GENERAL
Nota general Se presentaron tres Enmiendas por la Consejera Ana Esperanza Beltrán del Grupo 2º. La 1ª Enmienda de adición de un nuevo párrafo segundo en la propuesta de Dictamen sobre el art. 4, quedó rechazada, con la presencia de Consejeros, 12 votos sí, 31 votos no y 0 abst. La 2ª Enmienda de supresión de la observación formulada cccon relación al art. 61 "definición del seguro de responsabilidad civil", quedó rechazada, con la presencia de 44 Consejeros, 12 votos sí, 31 votos no y 0 abst. La 3ª Enmienda de adición de dos párrafos en la observación formulada en cuanto al art., quedó rechazada, con la presencia de 44 Consejeros, 12 votos sí, 31 votos no y 0 abst.
593 ## - CES. DATOS DICTAMEN
Comisión de trabajo Políticas Sectoriales y Medio Ambiente
Identificador D-007-2011
Fecha dictamen 20110530
Tipo trámite Ordinaria
Tipo sesión Pleno extraordinario
Votos aprobados Presentes 44: 40 sí, 2 no, 1 absts.
650 #4 - ASIENTO SECUNDARIO DE MATERIA--TÉRMINO DE MATERIA
Término de materia o nombre geográfico como elemento inicial España
9 (RLIN) 26964
650 #4 - ASIENTO SECUNDARIO DE MATERIA--TÉRMINO DE MATERIA
Término de materia o nombre geográfico como elemento inicial contrato
9 (RLIN) 29505
650 #4 - ASIENTO SECUNDARIO DE MATERIA--TÉRMINO DE MATERIA
Término de materia o nombre geográfico como elemento inicial seguros
9 (RLIN) 28121
653 10 - TÉRMINO DE INDEXACIÓN--NO CONTROLADO
Término no controlado Financiación
650 #4 - ASIENTO SECUNDARIO DE MATERIA--TÉRMINO DE MATERIA
9 (RLIN) 30761
Término de materia o nombre geográfico como elemento inicial sector financiero
700 1# - ENCABEZAMIENTO SECUNDARIO--NOMBRE PERSONAL
Nombre de persona Ariza Rico, Julián
Término indicativo de función interviniente
9 (RLIN) 6544
700 1# - ENCABEZAMIENTO SECUNDARIO--NOMBRE PERSONAL
Nombre de persona Beltrán Blázquez, Ana Esperanza
Término indicativo de función interviniente
9 (RLIN) 7461
700 1# - ENCABEZAMIENTO SECUNDARIO--NOMBRE PERSONAL
9 (RLIN) 19032
Nombre de persona Morán Criado, José Manuel
Término indicativo de función ponente
710 1# - ENCABEZAMIENTO SECUNDARIO--NOMBRE CORPORATIVO
Nombre de entidad o nombre de jurisdicción como elemento inicial España
Unidad subordinada Ministerio de Justicia
Término indicativo de función solicitante
9 (RLIN) 3251
856 ## - ACCESO ELECTRÓNICO
Identificador Uniforme del Recurso (URI) <a href="http://www.ces.es/documents/DIC/2011/07">http://www.ces.es/documents/DIC/2011/07</a>
Texto del enlace texto completo
902 ## - CES. TIPO DE DOCUMENTO
Tipodoc (006$c Sirtex) Dictamen
942 ## - ELEMENTOS KOHA
Fuente de clasificaión o esquema Clasificación propia del CES
Koha [por defecto] tipo de item Dictámenes/Informes/Memorias CES
Parte de clasificación 0.0.

No hay ítems disponibles.

© CES, Consejo Económico y Social de España 2021